Statistics for Camouflaged Countries in Reverse #2

Click here to take the quiz!

General Stats

  • This quiz has been taken 31 times
    (11 since last reset)
  • The average score is 5 of 10

Answer Stats

HintAnswer% Correct
Using this stick, ram Ned Kelly in the face!Denmark
100%
All I need at the beach is a bucket and spadeCuba
100%
It's much more difficult to train a black dogAlbania
50%
A trail o' gnomes marched in the misty woodsMongolia
50%
Deep in the volcano, ore machines dig out rockCameroon
50%
This would be a perfect place to study LatinItaly
50%
Tomorrow I will bring you a laptop if you'd likePalau
50%
The beautiful ape needed to find a mate quicklyNepal
0%
I lament the fact that you don't agree with meMali
0%
Shopping list: soda, bra, beer, pineapple, beefBarbados
0%

Score Distribution

Percentile by Number Answered

Percent of People with Each Score

Your Score History

You have not taken this quiz since the last reset